Electromagnetics through the finite element method : a simplified approach using Maxwell's equations (Record no. 77550)
[ view plain ]
| 000 -LEADER | |
|---|---|
| fixed length control field | 00923nam a22002657a 4500 |
| 003 - CONTROL NUMBER IDENTIFIER | |
| control field | CBULib |
| 005 - DATE AND TIME OF LATEST TRANSACTION | |
| control field | 20240918085421.0 |
| 008 - FIXED-LENGTH DATA ELEMENTS--GENERAL INFORMATION | |
| fixed length control field | 230502b |||||||| |||| 00| 0 eng d |
| 020 ## - INTERNATIONAL STANDARD BOOK NUMBER | |
| International Standard Book Number | 9781498783576 |
| 040 ## - CATALOGING SOURCE | |
| Original cataloging agency | CBULib |
| Transcribing agency | CBULib |
| Language of cataloging | English |
| Description conventions | rda |
| 041 ## - LANGUAGE CODE | |
| Language code of text/sound track or separate title | eng |
| 050 ## - LIBRARY OF CONGRESS CALL NUMBER | |
| Classification number | QC 760 Car |
| 100 1# - MAIN ENTRY--PERSONAL NAME | |
| Personal name | Cardoso, José Roberto |
| 9 (RLIN) | 368 |
| 245 ## - TITLE STATEMENT | |
| Title | Electromagnetics through the finite element method : a simplified approach using Maxwell's equations |
| Statement of responsibility, etc | / by José Roberto Cardoso |
| 260 ## - PUBLICATION, DISTRIBUTION, ETC. (IMPRINT) | |
| Place of publication, distribution, etc | New York : |
| Name of publisher, distributor, etc | CRC Press, |
| Date of publication, distribution, etc | 2017 |
| 300 ## - PHYSICAL DESCRIPTION | |
| Extent | xiii, 198 pages : illustrations |
| 336 ## - CONTENT TYPE | |
| Source | rdacontent |
| Content type term | Text | |
| Content type code | txt |
| 337 ## - MEDIA TYPE | |
| Source | rdamedia |
| Media type term | Unmediated | |
| Media type code | n |
| 338 ## - CARRIER TYPE | |
| Source | rdacarrier |
| Carrier type term | Volume |
| Carrier type code | nc |
| 504 ## - BIBLIOGRAPHY, ETC. NOTE | |
| Bibliography, etc | Includes bibliographical references and index. |
| 650 #0 - SUBJECT ADDED ENTRY--TOPICAL TERM | |
| Topical term or geographic name as entry element | MAXWELL EQUATIONS--NUMERICAL SOLUTIONS |
| 9 (RLIN) | 369 |
| 650 #0 - SUBJECT ADDED ENTRY--TOPICAL TERM | |
| Topical term or geographic name as entry element | ELECTROMAGNETISM--MATHEMATICS |
| 9 (RLIN) | 370 |
| 650 #0 - SUBJECT ADDED ENTRY--TOPICAL TERM | |
| Topical term or geographic name as entry element | FINITE ELEMENT METHOD |
| 9 (RLIN) | 371 |
| 942 ## - ADDED ENTRY ELEMENTS (KOHA) | |
| Koha item type | MONOGRAPH |
| Source of classification or shelving scheme | |
| Withdrawn status | Lost status | Source of classification or shelving scheme | Damaged status | Not for loan | Collection code | Permanent Location | Current Location | Shelving location | Date acquired | Source of acquisition | Cost, normal purchase price | Full call number | Barcode | Date last seen | Copy number | Cost, replacement price | Price effective from | Koha item type | Total Checkouts |
|---|---|---|---|---|---|---|---|---|---|---|---|---|---|---|---|---|---|---|---|
| CBU-Lusaka Campus | CBU- LUSAKA CAMPUS | CBU- LUSAKA CAMPUS | General Stacks | 09/18/2024 | DON-BOOKAID | 168.78 | QC 760 Car | 752719 | 09/18/2024 | 6 | 09/18/2024 | MONOGRAPH | |||||||
| Main Library Open Access Collection | CBU-MAIN LIBRARY, KITWE. | CBU-MAIN LIBRARY, KITWE. | General Stacks | 05/02/2023 | DON-BOOKAID | 168.78 | QC 760 Car | 752035 | 05/02/2023 | 3 | 202.54 | 05/02/2023 | MONOGRAPH | ||||||
| Main Library Open Access Collection | CBU-MAIN LIBRARY, KITWE. | CBU-MAIN LIBRARY, KITWE. | General Stacks | 05/02/2023 | DON-BOOKAID | 168.78 | QC 760 Car | 752036 | 05/02/2023 | 4 | 202.54 | 05/02/2023 | MONOGRAPH | ||||||
| Mpika Library Collection | CBU-MPIKA LIBRARY, MPIKA CAMPUS. | CBU-MAIN LIBRARY, KITWE. | General Stacks | 05/18/2023 | DON-BOOKAID | QC 760 Car | 752033 | 05/18/2023 | 1 | 05/18/2023 | MONOGRAPH | ||||||||
| Mpika Library Collection | CBU-MPIKA LIBRARY, MPIKA CAMPUS. | CBU-MAIN LIBRARY, KITWE. | General Stacks | 05/18/2023 | DON-BOOKAID | QC 760 Car | 752034 | 05/18/2023 | 2 | 05/18/2023 | MONOGRAPH | ||||||||
| CBU-Lusaka Campus | CBU- LUSAKA CAMPUS | CBU-MAIN LIBRARY, KITWE. | General Stacks | 09/18/2024 | DON-BOOKAID | 168.78 | QC 760 Car | 752718 | 09/18/2024 | 5 | 09/18/2024 | MONOGRAPH |